| Tag |
First Indicator |
Second Indicator |
Subfields |
| LEADER |
00000cam a22000008a 4500 |
| 001 |
in00001238721 |
| 005 |
20151003072030.0 |
| 008 |
940719s1995 enka b 001 0 eng |
| 010 |
|
|
|a 94030054
|
| 020 |
|
|
|a 052147230X
|
| 020 |
|
|
|a 0521478073 (pb)
|
| 035 |
|
|
|a (OCoLC)30913513
|
| 035 |
|
|
|9 AGT5654AM
|
| 040 |
|
|
|a DLC
|c DLC
|d UtOrBLW
|
| 049 |
|
|
|a TXAM
|
| 050 |
0 |
0 |
|a QH442.6
|b .R65 1995
|
| 082 |
0 |
0 |
|a 174/.9574
|2 20
|
| 100 |
1 |
|
|a Rollin, Bernard E.
|
| 245 |
1 |
4 |
|a The Frankenstein syndrome :
|b ethical and social issues in the genetic engineering of animals /
|c Bernard E. Rollin.
|
| 263 |
|
|
|a 9508
|
| 264 |
|
1 |
|a Cambridge [England] ;
|a New York :
|b Cambridge University Press,
|c 1995.
|
| 300 |
|
|
|a 241 pages :
|b illustrations
|
| 336 |
|
|
|a text
|b txt
|2 rdacontent
|
| 337 |
|
|
|a unmediated
|b n
|2 rdamedia
|
| 338 |
|
|
|a volume
|b nc
|2 rdacarrier
|
| 490 |
1 |
|
|a Cambridge studies in philosophy and public policy
|
| 504 |
|
|
|a Includes bibliographical references and index.
|
| 650 |
|
0 |
|a Animal genetic engineering
|x Moral and ethical aspects.
|
| 830 |
|
0 |
|a Cambridge studies in philosophy and public policy.
|
| 999 |
|
|
|a MARS
|
| 999 |
f |
f |
|s 8ddc1ee3-a7b6-35ab-a5d0-2e70404a22c7
|i 639c854a-3b3d-3fc6-827a-f07824f6139f
|t 0
|
| 952 |
f |
f |
|p ric
|a Texas A&M University
|b Rellis Campus
|c Joint Library Facility
|d Remote Storage
|t 0
|e QH442.6 .R65 1995
|h Library of Congress classification
|i unmediated -- volume
|m A14819358881
|
| 998 |
f |
f |
|a QH442.6 .R65 1995
|t 0
|l Remote Storage
|